000 00291nam a2200109Ia 4500
008 180205s9999 xx 000 0 und d
020 _a9710828576
100 _aHarmon, Renee
245 4 _aThe complete book of success /
260 _aUSA
_bNational book store
_c1987
300 _aix, 139 pages
999 _c354792
_d354792